Holiday Quiz

Random Holiday or Judaism Quiz
Score 0/13 Timer 03:00
3 Plays Today
% Correct
Fasting
74.1%
Yom Kippur
73.3%
Ten Commandments
71.6%
Creation of Adam and Eve
66.1%
L’shana tovah
65.3%
Honey Cake
63.6%
Apples dipped in honey
63.1%
Shofar
60.2%
Feast of Booths
56.5%
Kittel
54.4%
Aseret Yemei Teshuva
50.6%
Elul
44.5%
Tishrei
39.6%

You're not logged in!

Compare scores with friends on all Sporcle quizzes.
OR
Log In

From the Vault

Harry Potter and the Mega Profile: Part II

by Hejman

It's such an enormous quiz we had to split it into two parts. Be sure to try Part I
Remove Ads.
Support Sporcle.
Get the best of Sporcle when you Go Orange. This ad-free experience offers more features, more stats, and more fun while also helping to support Sporcle. Thank you for becoming a member.

Show Comments

Extras

Top Quizzes Today


Score Distribution

Your Account Isn't Verified!

In order to create a playlist on Sporcle, you need to verify the email address you used during registration. Go to your Sporcle Settings to finish the process.

Report this User

Report this user for behavior that violates our Community Guidelines.

Details: